USA Olympic Gymnastics Team - Statistics

General Stats
  • This quiz has been taken 325 times
  • The average score is 6 of 8
Answer Stats
Gymnastics Club Gymnast % Correct
Chow's Gymnastics and Dance Institute Gabrielle Douglas
98%
Brestyan's American Gymnastics Alexandra Raisman
92%
Gym-Max Kyla Ross
91%
All Olympia (AOGC) McKayla Maroney
89%
Twistars Gymnastics Jordyn Wieber
88%
Parkettes--ALTERNATE Elizabeth Price
51%
Legacy Elite Gymnastics--ALTERNATE Anna Li
50%
Great American Gymnastics Express (GAGE)--ALTERNATE Sarah Finnegan
41%
No matching quizzes found
Score Distribution
Percent of People with Each Score
Percentile by Number Answered
Your Score History
You have not taken this quiz